000 00546nam a2200169 i 4500
001 81923
003 ES-MaACL
007 t|
008 041108s1953 sp ||||1| spa d
100 1 _aIglesias Ramírez, Manuel.
_965132
245 1 3 _aLa moderna democracia social /
_cM. Iglesias Ramírez ; ilustraciones de Rovira Brull.
250 _a[1ª ed.].
260 _aBarcelona :
_bEdiciones y Publicaciones,
_c1953 (
_fRafal Salvá)
300 _a223 p. :
_bil. ;
_c22 cm.
700 1 _aRovira Brull.
_9100144
852 _aES-MaACL
_jC-6533
_bR.35822
999 _c81923
_d81923